Filmes da Pixar - Statistics

Estatísticas Gerais
  • Esse quiz foi jogado 2 452 vezes
    477 desde o último reset
  • A pontuação média é 19 de 29
Estatísticas das Respostas
Ano Filme % Correto
1995 Toy Story
93%
1999 Toy Story 2
93%
2010 Toy Story 3
93%
2019 Toy Story 4
93%
2001 Monstros S. A.
84%
2006 Carros
81%
2011 Carros 2
81%
2017 Carros 3
81%
2015 Divertida Mente
70%
2024 Divertida Mente 2
69%
2004 Os Incríveis
69%
2018 Os Incríveis 2
69%
2003 Procurando Nemo
67%
2012 Valente
63%
1998 Vida de Inseto
63%
2008 WALL·E
63%
2021 Luca
62%
2020 Soul
62%
2017 Viva - A Vida é Uma Festa
62%
2013 Universidade Monstros
61%
2009 Up - Altas Aventuras
59%
2016 Procurando Dory
58%
2022 Red: Crescer é uma Fera
55%
2023 Elementos
54%
2007 Ratatouille
48%
2015 O Bom Dinossauro
42%
2025 Elio
41%
2019 Dois Irmãos: Uma Jornada Fantástica
37%
2022 Lightyear
33%
Nenhum quiz correspondente encontrado
Distribuição das Pontuações
Porcentagem de Pessoas com Cada Pontuação
Percentil de Números Respondidos
Sua Pontuação Histórica
Você não jogou esse quiz desde o último reset